| 000 | 00710nam a2200229Ia 4500 | ||
|---|---|---|---|
| 003 | OSt | ||
| 005 | 20260116143759.0 | ||
| 008 | 210716s2003 xx 000 0 und d | ||
| 020 | _a0070482934 | ||
| 040 | _cAIMIT LIBRARY | ||
| 041 | _aeng | ||
| 082 |
_a629.892 _bMITR |
||
| 100 |
_aMittal, R K. _9251487 |
||
| 245 |
_aRobotics and control / _cBy R K Mittal and I J Nagrath. |
||
| 250 | _a1st ed. | ||
| 260 |
_aNew Delhi : _bTata McGraw Hill Publishing Company Ltd , _c2003. |
||
| 300 |
_axv,487 p.; _bPB _c24 cm. |
||
| 650 |
_aSymbolic modeling of robots _9251488 |
||
| 650 |
_aManipulator differential motion and statistics _9251489 |
||
| 700 |
_aNagrath, I J. _9251490 |
||
| 942 |
_2ddc _cBK _k629.892 MITR |
||
| 999 |
_c185661 _d185661 |
||